[Event "WYCC 2018 O18"]
[Site "Halkidiki"]
[Date "2018.10.26"]
[Round "7"]
[White "Ranaldi, Lucas"]
[Black "Olimjonov, Sarvarbek"]
[Result "0-1"]
[WhiteElo "2335"]
[BlackElo "2074"]
[Annotator "NA"]
[PlyCount "80"]
[EventDate "2018.10.20"]
[EventType "swiss"]
[EventCountry "GRE"]
[SourceTitle "playchess.com"]
[Source "ChessBase"]
[SourceQuality "1"]
[TimeControl "40/5400+30:1800+30"]

1. Nf3 {[%emt 0:00:00]} d6 {[%emt 0:00:26]} 2. d4 {[%emt 0:03:33]} Bg4 {[%emt 0:00:28]} 3. e4 {[%emt 0:08:42]} Nf6 {[%emt 0:04:06]} 4. Nc3 {[%emt 0:05:53]} Nbd7 {[%emt 0:04:50]} 5. Be2 {[%emt 0:01:44]} c5 {[%emt 0:06:56]} 6. d5 {[%emt 0:06:39]} g6 {[%emt 0:01:25]} 7. O-O {[%emt 0:00:41]} Bg7 {[%emt 0:00:31]} 8. Nd2 {[%emt 0:05:11]} Bxe2 {[%emt 0:01:50]} 9. Qxe2 {[%emt 0:00:01]} O-O {[%emt 0:01:16]} 10. Rd1 {[%emt 0:08:30]} Nh5 {[%emt 0:05:21]} 11. a4 {[%emt 0:05:55]} f5 {[%emt 0:07:44]} 12. exf5 {[%emt 0:01:13]} Rxf5 {[%emt 0:02:02]} 13. Nde4 {[%emt 0:05:07]} Nf4 {[%emt 0:03:39]} 14. Bxf4 {[%emt 0:00:42]} Rxf4 {[%emt 0:00:09]} 15. g3 {[%emt 0:06:50]} Rf5 {[%emt 0:02:02]} 16. Kg2 {[%emt 0:02:41]} h6 {[%emt 0:02:25]} 17. f4 {[%emt 0:04:42]} Kh8 {[%emt 0:03:01]} 18. a5 {[%emt 0:04:19]} a6 {[%emt 0:00:56]} 19. Ra4 {[%emt 0:00:42]} Qg8 {[%emt 0:04:43]} 20. Qg4 {[%emt 0:14:31]} Qf7 {[%emt 0:03:18]} 21. Qe2 {[%emt 0:01:16]} Rb8 {[%emt 0:01:22]} 22. b3 {[%emt 0:00:35]} Rf8 {[%emt 0:07:19]} 23. h4 {[%emt 0:00:54]} Kg8 {[%emt 0:05:37]} 24. Qd3 {[%emt 0:01:17]} g5 {[%emt 0:11:42]} 25. hxg5 {[%emt 0:00:47]} hxg5 {[%emt 0:00:27]} 26. Ne2 {[%emt 0:05:16]} b5 {[%emt 0:02:37]} 27. Ra2 {[%emt 0:03:32]} gxf4 {[%emt 0:05:50]} 28. gxf4 {[%emt 0:00:01]} Nf6 {[%emt 0:04:21]} 29. Nxf6+ {[%emt 0:00:28]} Qxf6 {[%emt 0:00:54]} 30. Rf1 {[%emt 0:01:42]} Qg6+ {[%emt 0:00:43]} 31. Ng3 {[%emt 0:00:11]} Qg4 {[%emt 0:00:22]} 32. c4 {[%emt 0:01:06]} bxc4 {[%emt 0:00:14]} 33. bxc4 {[%emt 0:00:34]} Rxf4 {[%emt 0:00:11]} 34. Rxf4 {[%emt 0:01:12]} Rxf4 {[%emt 0:01:28]} 35. Rc2 {[%emt 0:00:28]} Be5 {[%emt 0:00:32]} 36. Rf2 {[%emt 0:00:33]} Rf6 {[%emt 0:02:17]} 37. Rf3 {[%emt 0:00:28]} Kg7 {[%emt 0:00:44]} 38. Re3 {[%emt 0:00:21]} Rg6 {[%emt 0:01:54]} 39. Kf2 {[%emt 0:00:40]} Qf4+ {[%emt 0:01:10]} 40. Kg2 {[%emt 0:00:00]} Kf6 {[%emt 0:00:00]} 0-1

[Event "WYCC 2018 O18"]
[Site "Halkidiki"]
[Date "2018.10.26"]
[Round "7"]
[White "Wang, Shixu B"]
[Black "Alexakis, Dimitris"]
[Result "1/2-1/2"]
[WhiteElo "2330"]
[BlackElo "2186"]
[Annotator "NA"]
[PlyCount "143"]
[EventDate "2018.10.20"]
[EventType "swiss"]
[EventCountry "GRE"]
[SourceTitle "playchess.com"]
[Source "ChessBase"]
[SourceQuality "1"]
[TimeControl "40/5400+30:1800+30"]

1. d4 {[%emt 0:03:22]} Nf6 {[%emt 0:00:00]} 2. c4 {[%emt 0:00:03]} g6 {[%emt 0:00:17]} 3. Nc3 {[%emt 0:00:28]} Bg7 {[%emt 0:00:05]} 4. e4 {[%emt 0:00:11]} d6 {[%emt 0:00:06]} 5. Be2 {[%emt 0:00:26]} O-O {[%emt 0:00:07]} 6. Be3 {[%emt 0:00:37]} c5 {[%emt 0:03:41]} 7. d5 {[%emt 0:02:23]} e6 {[%emt 0:09:20]} 8. Nf3 {[%emt 0:00:24]} exd5 {[%emt 0:03:40]} 9. exd5 {[%emt 0:00:12]} Bf5 $11 {[%emt 0:03:57]} 10. O-O {[%emt 0:05:06]} Ne4 {[%emt 0:00:45]} 11. Nxe4 {[%emt 0:00:13]} Bxe4 {[%emt 0:00:04]} 12. Qd2 {[%emt 0:00:36]} Qb6 {[%emt 0:15:22]} 13. Ng5 {[%emt 0:01:01]} Bf5 {[%emt 0:00:26]} 14. g4 {[%emt 0:02:11]} Bc8 {[%emt 0:02:30]} 15. Rab1 {[%emt 0:00:58]} Nd7 {[%emt 0:10:01]} 16. h3 {[%emt 0:02:22]} Re8 {[%emt 0:19:49]} 17. b3 {[%emt 0:04:21]} Nf6 {[%emt 0:01:50]} 18. Bd3 {[%emt 0:00:43]} h6 {[%emt 0:13:51]} 19. Nxf7 {[%emt 0:06:51]} Rxe3 {[%emt 0:12:59]} 20. Nxh6+ {[%emt 0:04:20]} Bxh6 {[%emt 0:00:01]} 21. fxe3 {[%emt 0:00:10]} Nd7 {[%emt 0:00:57]} 22. Bxg6 {[%emt 0:04:57]} Qd8 {[%emt 0:00:37]} 23. Bf5 {[%emt 0:15:34]} Ne5 {[%emt 0:00:07]} 24. Qe2 {[%emt 0:02:02]} Kg7 {[%emt 0:00:45]} 25. Kg2 {[%emt 0:00:55]} Qe7 {[%emt 0:00:33]} 26. e4 {[%emt 0:01:55]} Bg5 {[%emt 0:00:23]} 27. Rh1 {[%emt 0:02:50]} Bxf5 {[%emt 0:00:41]} 28. exf5 {[%emt 0:00:33]} Rh8 {[%emt 0:00:22]} 29. b4 {[%emt 0:02:27]} cxb4 {[%emt 0:00:26]} 30. Rxb4 {[%emt 0:00:19]} b6 {[%emt 0:00:05]} 31. a4 {[%emt 0:00:52]} Re8 {[%emt 0:01:01]} 32. Qe4 {[%emt 0:08:46]} Qd8 {[%emt 0:00:40]} 33. Re1 {[%emt 0:00:41]} Re7 {[%emt 0:00:23]} 34. Qd4 {[%emt 0:02:01]} Kg8 {[%emt 0:00:36]} 35. Rbb1 {[%emt 0:00:30]} Rc7 {[%emt 0:00:23]} 36. Rb4 {[%emt 0:01:59]} a5 {[%emt 0:00:27]} 37. Rxb6 {[%emt 0:04:10]} Rxc4 {[%emt 0:00:34]} 38. Rxd6 {[%emt 0:00:58]} Rxd4 {[%emt 0:00:31]} 39. Rxd8+ {[%emt 0:00:04]} Bxd8 {[%emt 0:00:04]} 40. Rxe5 {[%emt 0:00:00]} Bf6 {[%emt 0:00:00]} 41. Re6 {[%emt 0:08:55]} Kf7 {[%emt 0:00:45]} 42. Ra6 {[%emt 0:01:11]} Rxd5 {[%emt 0:06:17]} 43. Ra7+ {[%emt 0:00:32]} Ke8 {[%emt 0:01:35]} 44. Ra6 {[%emt 0:00:53]} Bd8 {[%emt 0:04:39]} 45. Re6+ {[%emt 0:03:41]} Kf7 {[%emt 0:04:15]} 46. Kf3 {[%emt 0:04:50]} Rd3+ {[%emt 0:03:29]} 47. Re3 {[%emt 0:00:09]} Rd1 {[%emt 0:00:21]} 48. Re4 {[%emt 0:02:46]} Rf1+ {[%emt 0:01:14]} 49. Kg3 {[%emt 0:00:55]} Rg1+ {[%emt 0:02:02]} 50. Kf3 {[%emt 0:01:04]} Ra1 {[%emt 0:01:19]} 51. Kf4 {[%emt 0:07:15]} Be7 {[%emt 0:06:44]} 52. Rd4 {[%emt 0:01:30]} Bf6 {[%emt 0:04:12]} 53. Rc4 {[%emt 0:00:45]} Rf1+ {[%emt 0:00:38]} 54. Ke4 {[%emt 0:00:35]} Rh1 {[%emt 0:00:30]} 55. Rc7+ {[%emt 0:03:13]} Ke8 {[%emt 0:00:08]} 56. Rh7 {[%emt 0:00:27]} Rd1 {[%emt 0:00:42]} 57. h4 {[%emt 0:01:15]} Rd4+ {[%emt 0:00:03]} 58. Kf3 {[%emt 0:00:05]} Rd3+ {[%emt 0:01:06]} 59. Ke4 {[%emt 0:01:45]} Rd4+ {[%emt 0:00:29]} 60. Kf3 {[%emt 0:00:07]} Rd3+ {[%emt 0:00:27]} 61. Ke2 {[%emt 0:03:30]} Rg3 {[%emt 0:00:32]} 62. g5 {[%emt 0:01:03]} Bxg5 {[%emt 0:00:06]} 63. hxg5 {[%emt 0:00:04]} Rxg5 {[%emt 0:00:09]} 64. f6 {[%emt 0:00:37]} Rg4 {[%emt 0:00:08]} 65. Ra7 {[%emt 0:00:25]} Rxa4 {[%emt 0:00:05]} 66. Kd3 {[%emt 0:00:06]} Rf4 {[%emt 0:00:09]} 67. Rxa5 {[%emt 0:00:31]} Rxf6 {[%emt 0:00:05]} 68. Ke4 {[%emt 0:00:05]} Rh6 {[%emt 0:00:06]} 69. Rd5 {[%emt 0:00:20]} Rh4+ {[%emt 0:00:05]} 70. Ke5 {[%emt 0:00:01]} Rh5+ {[%emt 0:00:12]} 71. Ke4 {[%emt 0:00:02]} Rxd5 {[%emt 0:00:09]} 72. Kxd5 {[%emt 0:00:02]} 1/2-1/2

[Event "WYCC 2018 O18"]
[Site "Halkidiki"]
[Date "2018.10.26"]
[Round "7"]
[White "Pantzar, Milton"]
[Black "Radovanovic, Mihajlo"]
[Result "0-1"]
[WhiteElo "2326"]
[BlackElo "2466"]
[Annotator "TA"]
[PlyCount "82"]
[EventDate "2018.10.20"]
[EventType "swiss"]
[EventCountry "GRE"]
[SourceTitle "playchess.com"]
[Source "ChessBase"]
[SourceQuality "1"]

{[%evp 9,82,29,50,50,50,45,46,34,61,46,63,51,84,72,63,31,64,7,8,12,27,-35,-49,-49,-54,-47,0,-50,-38,-43,-54,-86,-75,-102,-102,-133,-137,-154,-141,-148,-128,-157,-156,-150,-138,-165,-169,-166,-169,-151,-150,-216,-218,-272,-254,-334,-314,-290,-307,-305,-289,-458,-425,-485,-468,-655,-657,-626,-610,-1097,-1034,-1668,-1525,-1460,-1446]} 1. d4 d6 2. Nc3 e5 (2... Nf6 3. e4 c6 4. f4 Qa5 5. e5 Ne4 6. Qf3 d5 7. Bd3 f5 8. exf6 exf6 9. Bd2 Nxd2 10. Kxd2 Bd6 11. Re1+ Kd8 12. Nge2 Qc7 13. g3 Nd7 14. f5 Nb6 {1-0 (66) Vallejo Pons,F (2666)-Bezold,M (2547) Munich 2016}) 3. dxe5 dxe5 4. Qxd8+ Kxd8 5. f4 Bd6 6. fxe5 {A41: 1 d4 d6: Tartakower System and Modern Defence} Bxe5 7. Bd2 $146 ({Predecessor:} 7. Nf3 Bxc3+ 8. bxc3 Nc6 9. Ba3 Nge7 10. O-O-O+ {1-0 (63) Garcia Albarracin,F (2374)-Redondo Arguelles,G (2011) Porto 2015}) 7... c6 8. Nf3 {White is slightly better.} Bc7 9. O-O-O {[#] Black must now prevent Bh6+.} Ke8 10. e4 Ne7 11. Bc4 Nd7 12. Rhf1 Rf8 13. Nd4 (13. Be3 $14) 13... Bxh2 $11 14. Nf5 Be5 $1 15. Bf4 ({White should try} 15. Be3 $11) 15... Nxf5 16. exf5 Bxf4+ $1 17. Rxf4 f6 (17... Ne5 {is more complex.} 18. g4 Ke7 19. Bb3 f6 20. Ne2 Rd8) 18. Be6 {Rg4 is the strong threat.} (18. Rg4 {is interesting.} g5 19. fxg6 Ne5 20. Rh4 hxg6 21. Bb3) 18... Ne5 {aiming for ...Bxe6.} 19. Bxc8 $1 Rxc8 20. Rfd4 Ke7 21. Ne4 Rfd8 22. Rxd8 Rxd8 23. Rxd8 Kxd8 $17 {[%mdl 4096] Endgame KN-KN} 24. Nc5 Kc8 25. Kd2 b6 26. Ne6 g5 27. fxg6 hxg6 28. b3 Kd7 29. Nf4 g5 30. Nh5 (30. Ne2 $17 {was worth a try.}) 30... f5 $19 {[%cal Bf6f5,Bf5f4][%mdl 32]} 31. Ke3 Ng4+ 32. Kf3 Kd6 33. Ng3 Ke5 34. Ne2 Nf6 35. Ke3 (35. c4 {might work better.}) 35... f4+ {Black is clearly winning.} 36. Kd3 c5 37. Ng1 g4 38. Ne2 Nd5 39. c3 b5 {[%cal Bb6b5,Bb5c4][%mdl 32]} 40. Ng1 {[#]} c4+ $1 {[%mdl 512]} 41. bxc4 bxc4+ {Precision: White = 31%, Black = 78%.} 0-1

[Event "WYCC 2018 O18"]
[Site "Halkidiki"]
[Date "2018.10.26"]
[Round "7"]
[White "Banzea, Alexandru-Bogdan"]
[Black "Polyakov, Fedor"]
[Result "1-0"]
[WhiteElo "2313"]
[BlackElo "2036"]
[Annotator "NA"]
[PlyCount "59"]
[EventDate "2018.10.20"]
[EventType "swiss"]
[EventCountry "GRE"]
[SourceTitle "playchess.com"]
[Source "ChessBase"]
[SourceQuality "1"]
[TimeControl "40/5400+30:1800+30"]

1. e4 {[%emt 0:00:00]} c5 {[%emt 0:00:00]} 2. Nf3 {[%emt 0:00:00]} Nc6 {[%emt 0:00:00]} 3. Bb5 {[%emt 0:00:00]} g6 {[%emt 0:00:00]} 4. Bxc6 {[%emt 0:00:06]} bxc6 $11 {[%emt 0:00:13] LiveBook: 1493 Games} 5. d4 {[%emt 0:00:35]} Bg7 {[%emt 0:00:51]} 6. dxc5 {[%emt 0:00:48]} Qa5+ {[%emt 0:00:37]} 7. Nbd2 {[%emt 0:00:18]} Ba6 {[%emt 0:02:20]} 8. Rb1 {[%emt 0:08:29]} Qxa2 {[%emt 0:18:19]} 9. b4 {[%emt 0:03:33]} Bb5 {[%emt 0:18:46]} 10. Rb3 {[%emt 0:04:27]} Nf6 {[%emt 0:05:16]} 11. Ra3 {[%emt 0:06:02]} Qe6 {[%emt 0:00:07]} 12. c4 {[%emt 0:05:01]} Nxe4 {[%emt 0:06:07]} 13. Qe2 {[%emt 0:05:25]} Bc3 {[%emt 0:08:56]} 14. Rxc3 {[%emt 0:19:46]} Nxc3 {[%emt 0:00:13]} 15. Qxe6 {[%emt 0:00:10]} dxe6 {[%emt 0:02:21]} 16. Bb2 {[%emt 0:00:33]} Ba4 {[%emt 0:01:51]} 17. Bxc3 {[%emt 0:01:06]} O-O {[%emt 0:00:02]} 18. Ke2 {[%emt 0:02:08]} Rfd8 {[%emt 0:06:20]} 19. Ra1 {[%emt 0:02:32]} Bc2 {[%emt 0:00:01]} 20. Nd4 {[%emt 0:00:26]} Bd3+ {[%emt 0:00:14]} 21. Ke3 {[%emt 0:02:19]} Bf5 {[%emt 0:00:02]} 22. Ne4 {[%emt 0:05:18]} Bxe4 {[%emt 0:02:49]} 23. Kxe4 {[%emt 0:00:20]} Rdc8 {[%emt 0:01:24]} 24. Ra6 {[%emt 0:00:28]} g5 {[%emt 0:01:34]} 25. Nxc6 {[%emt 0:00:27]} f5+ {[%emt 0:00:02]} 26. Ke5 {[%emt 0:00:53]} Kf7 {[%emt 0:00:01]} 27. Nd4 {[%emt 0:01:26]} Rd8 {[%emt 0:01:08]} 28. Nxe6 {[%emt 0:00:26]} Rd3 {[%emt 0:00:01]} 29. Nxg5+ Kg7 30. Bd4 {[%emt 0:01:27]} 1-0

[Event "WYCC 2018 O18"]
[Site "Halkidiki"]
[Date "2018.10.26"]
[Round "7"]
[White "Szabo, Marton Mihaly"]
[Black "Manu David Suthandram R"]
[Result "1/2-1/2"]
[WhiteElo "2307"]
[BlackElo "1970"]
[Annotator "NA"]
[PlyCount "96"]
[EventDate "2018.10.20"]
[EventType "swiss"]
[EventCountry "GRE"]
[SourceTitle "playchess.com"]
[Source "ChessBase"]
[SourceQuality "1"]
[TimeControl "40/5400+30:1800+30"]

1. e4 {[%emt 0:00:00]} c5 {[%emt 0:00:00]} 2. c4 {[%emt 0:00:00]} Nc6 {[%emt 0:00:19]} 3. Nc3 {[%emt 0:00:00]} e6 {[%emt 0:01:25]} 4. g3 {[%emt 0:00:00]} b6 {[%emt 0:00:30]} 5. Bg2 {[%emt 0:00:11]} Bb7 {[%emt 0:00:05]} 6. Nge2 {[%emt 0:00:20]} a6 {[%emt 0:06:03]} 7. O-O {[%emt 0:00:53]} Qc7 {[%emt 0:00:10]} 8. d3 {[%emt 0:00:21]} g6 $16 {[%emt 0:10:31]} (8... Be7 $14) 9. Be3 {[%emt 0:05:46]} Bg7 {[%emt 0:00:33]} 10. d4 {[%emt 0:05:57]} d6 {[%emt 0:10:34]} 11. Rc1 {[%emt 0:08:11]} Nge7 {[%emt 0:04:58]} 12. b3 {[%emt 0:01:36]} O-O {[%emt 0:02:06]} 13. h3 {[%emt 0:06:44]} Rac8 {[%emt 0:18:05]} 14. Qd2 {[%emt 0:12:45]} e5 15. dxe5 {[%emt 0:03:52]} dxe5 {[%emt 0:02:56]} 16. Nd5 {[%emt 0:00:37]} Nxd5 {[%emt 0:00:43]} 17. cxd5 {[%emt 0:03:15]} Nd4 {[%emt 0:00:55]} 18. f4 {[%emt 0:15:10]} Qd6 {[%emt 0:13:24]} 19. fxe5 {[%emt 0:13:53]} Nxe2+ {[%emt 0:00:10]} 20. Qxe2 {[%emt 0:00:11]} Bxe5 {[%emt 0:00:04]} 21. Bf4 {[%emt 0:01:07]} Rfe8 {[%emt 0:01:16]} 22. Qf3 {[%emt 0:01:16]} Rc7 {[%emt 0:01:12]} 23. Kh2 {[%emt 0:02:47]} Kg7 {[%emt 0:01:12]} 24. a4 {[%emt 0:06:10]} f6 {[%emt 0:00:13]} 25. Rf2 {[%emt 0:03:49]} Rce7 {[%emt 0:03:43]} 26. a5 {[%emt 0:01:31]} b5 {[%emt 0:04:28]} 27. Rfc2 {[%emt 0:01:17]} Rc7 {[%emt 0:06:34]} 28. h4 {[%emt 0:02:05]} Bxf4 {[%emt 0:06:45]} 29. Qxf4 {[%emt 0:00:47]} Re5 {[%emt 0:00:04]} 30. Qf2 {[%emt 0:01:32]} f5 {[%emt 0:00:21]} 31. Rxc5 {[%emt 0:00:36]} Rce7 {[%emt 0:00:09]} 32. exf5 {[%emt 0:00:59]} Rxf5 {[%emt 0:01:27]} 33. Qd4+ {[%emt 0:00:16]} Qf6 {[%emt 0:00:04]} 34. Qxf6+ {[%emt 0:00:58]} Kxf6 {[%emt 0:00:04]} 35. g4 {[%emt 0:01:49]} Rf2 {[%emt 0:01:42]} 36. g5+ {[%emt 0:00:27]} Kf7 {[%emt 0:00:57]} 37. Kg3 {[%emt 0:00:40]} Rd2 {[%emt 0:00:04]} 38. Rc7 {[%emt 0:00:38]} Bxd5 {[%emt 0:00:56]} 39. Rf1+ {[%emt 0:00:27]} Ke8 {[%emt 0:00:10]} 40. Rc8+ {[%emt 0:00:00]} Kd7 {[%emt 0:00:00]} 41. Bh3+ {[%emt 0:01:05]} Kd6 {[%emt 0:09:15]} 42. Rc3 {[%emt 0:06:28]} Rde2 {[%emt 0:06:57]} 43. Rf6+ {[%emt 0:02:41]} Ke5 {[%emt 0:00:07]} 44. Rd3 {[%emt 0:05:26]} Be4 {[%emt 0:07:00]} 45. Rd8 {[%emt 0:01:46]} Re3+ {[%emt 0:00:31]} 46. Kh2 {[%emt 0:00:16]} Rxb3 {[%emt 0:00:34]} 47. Rxa6 {[%emt 0:01:00]} Rb2+ {[%emt 0:01:01]} 48. Kg3 {[%emt 0:00:13]} Rb3+ {[%emt 0:00:06]} 1/2-1/2

[Event "WYCC 2018 O18"]
[Site "Halkidiki"]
[Date "2018.10.26"]
[Round "7"]
[White "Carnicelli, Valerio"]
[Black "Kadianis, Georgios"]
[Result "1-0"]
[WhiteElo "2299"]
[BlackElo "1928"]
[Annotator "NA"]
[PlyCount "85"]
[EventDate "2018.10.20"]
[EventType "swiss"]
[EventCountry "GRE"]
[SourceTitle "playchess.com"]
[Source "ChessBase"]
[SourceQuality "1"]
[TimeControl "40/5400+30:1800+30"]

1. e4 {[%emt 0:00:00]} e5 {[%emt 0:00:00]} 2. Nf3 {[%emt 0:00:00]} Nc6 {[%emt 0:00:00]} 3. d4 {[%emt 0:00:00]} exd4 {[%emt 0:00:00]} 4. Nxd4 {[%emt 0:00:00]} Bc5 {[%emt 0:00:00]} 5. Nb3 {[%emt 0:00:00]} Bb6 {[%emt 0:00:00]} 6. Nc3 {[%emt 0:00:00]} d6 {[%emt 0:00:05]} 7. Qe2 {[%emt 0:00:00]} Nge7 {[%emt 0:00:08]} 8. Be3 {[%emt 0:00:02]} O-O {[%emt 0:00:11]} 9. O-O-O {[%emt 0:00:03]} f5 {[%emt 0:00:57]} 10. f4 {[%emt 0:00:10]} fxe4 {[%emt 0:00:55]} 11. g3 {[%emt 0:01:22]} Qe8 {[%emt 0:02:51]} 12. Bxb6 $14 {[%emt 0:00:38]} axb6 {[%emt 0:00:06]} 13. Qxe4 {[%emt 0:00:05]} Kh8 {[%emt 0:02:28]} 14. a3 {[%emt 0:01:01]} Bf5 {[%emt 0:02:44]} 15. Qc4 {[%emt 0:00:24]} d5 {[%emt 0:30:44]} 16. Qe2 {[%emt 0:05:54]} Qg6 {[%emt 0:12:48]} 17. Bg2 {[%emt 0:13:31]} Rfe8 {[%emt 0:02:30]} 18. Qf2 {[%emt 0:07:15]} Na5 {[%emt 0:08:16]} 19. Nxa5 {[%emt 0:10:22]} Rxa5 {[%emt 0:00:09]} 20. Nxd5 {[%emt 0:17:11]} Nxd5 {[%emt 0:01:44]} 21. Rxd5 {[%emt 0:00:32]} Rxd5 {[%emt 0:02:33]} 22. Bxd5 {[%emt 0:00:06]} c6 {[%emt 0:00:03]} 23. Bf3 {[%emt 0:00:22]} b5 {[%emt 0:01:28]} 24. g4 {[%emt 0:05:08]} Be4 {[%emt 0:04:36]} 25. Re1 {[%emt 0:03:43]} Bxf3 {[%emt 0:03:49]} 26. Rxe8+ {[%emt 0:00:04]} Qxe8 {[%emt 0:00:02]} 27. Qxf3 {[%emt 0:00:06]} h5 {[%emt 0:02:00]} 28. g5 {[%emt 0:08:11]} Qe1+ {[%emt 0:02:19]} 29. Qd1 {[%emt 0:00:04]} Qe3+ {[%emt 0:00:36]} 30. Kb1 {[%emt 0:00:04]} Qxf4 {[%emt 0:02:30]} 31. g6 {[%emt 0:07:16]} Kg8 {[%emt 0:07:45]} 32. b3 {[%emt 0:00:18]} Qf6 {[%emt 0:04:37]} 33. Qxh5 {[%emt 0:00:47]} Kf8 {[%emt 0:00:57]} 34. Qg4 {[%emt 0:00:43]} b6 {[%emt 0:01:54]} 35. h4 {[%emt 0:00:43]} c5 {[%emt 0:02:10]} 36. h5 {[%emt 0:00:57]} Qc3 {[%emt 0:03:07]} 37. Qf5+ {[%emt 0:06:37]} Ke7 {[%emt 0:00:24]} 38. Qf7+ {[%emt 0:00:28]} Kd6 {[%emt 0:00:08]} 39. h6 {[%emt 0:00:06]} b4 {[%emt 0:01:22]} 40. Qf4+ {[%emt 0:00:00]} Kc6 {[%emt 0:00:00]} 41. axb4 {[%emt 0:08:53]} Qe1+ {[%emt 0:02:03]} 42. Ka2 {[%emt 0:00:19]} cxb4 {[%emt 0:00:28]} 43. hxg7 {[%emt 0:00:15]} 1-0

[Event "WYCC 2018 O18"]
[Site "Halkidiki"]
[Date "2018.10.26"]
[Round "7"]
[White "Risting, Eivind Olav"]
[Black "Costachi, Mihnea"]
[Result "0-1"]
[WhiteElo "2299"]
[BlackElo "2484"]
[Annotator "TA"]
[PlyCount "84"]
[EventDate "2018.10.20"]
[EventType "swiss"]
[EventCountry "GRE"]
[SourceTitle "playchess.com"]
[Source "ChessBase"]
[SourceQuality "1"]

{[%evp 26,84,88,83,95,91,93,76,99,92,104,62,96,71,85,88,86,64,75,87,82,68,71,34,35,30,34,0,0,-8,-6,-71,-9,-102,-85,-118,-119,-97,-61,-65,-66,-320,-318,-308,-310,-462,-468,-461,-460,-495,-454,-609,-595,-854,-858,-1305,-1254,-1458,-1150,-1116,-1108]} 1. d4 Nf6 2. c4 g6 3. Nc3 Bg7 4. e4 d6 5. Nf3 O-O 6. Be2 Na6 7. O-O e5 8. Be3 c6 9. d5 Ng4 10. Bg5 f6 11. Bh4 c5 12. Ne1 Nh6 {E94: King's Indian: Classical: 6 Be2 e5 7 0-0: Various Black 7th moves} 13. a3 (13. f3 Nf7 14. Rb1 h5 15. Nd3 Bh6 16. Bf2 Bd7 17. b4 b6 18. bxc5 Nxc5 19. a4 a5 20. Qc2 {1-0 (67) So,W (2822)-Shimanov,A (2642) chess.com INT 2017}) 13... Qe7 14. f3 {LiveBook: 3 Games} Nf7 {White is better.} 15. Nc2 b6 {[#]} 16. Rb1 $146 ({Predecessor:} 16. b4 Bd7 17. Qd3 Nd8 18. Rfb1 Bh6 19. Ne3 Bg5 20. Bxg5 fxg5 {½-½ (80) Lenderman,A (2611)-Perez,M (2399) chess.com INT 2018}) 16... Bd7 17. Bd3 h5 18. Be1 Bh6 19. Bd2 Kg7 20. b4 h4 21. h3 f5 22. exf5 gxf5 23. Bxh6+ Nxh6 24. f4 e4 25. Be2 Kh7 26. Ne3 Rg8 {next ...Rg3 is good for Black.} 27. Qd2 Rg3 28. Kh1 (28. Kf2 $11) 28... Rag8 ({Better is} 28... Qg7 $17 {Threatens to win with ...Qd4.} 29. Ncd1 Qg6) 29. Nb5 (29. Rfe1 $11 {remains equal.}) 29... Qg7 $36 {[%mdl 2048] Black is in control.} 30. Rf2 Bxb5 31. cxb5 Nc7 {[#] aiming for ...Qd4.} 32. bxc5 bxc5 {[%cal Bb6c5,Bc5d4,Bd4d3][%mdl 32] White must now prevent ...Qd4.} 33. Bc4 $2 {[%mdl 8192]} (33. Re1 $15) 33... Qd4 $19 34. Qxd4 cxd4 35. Nc2 (35. Nd1 $142 Rxa3 36. b6 axb6 37. Rxb6) 35... Rc3 {Black is clearly winning.} 36. Bb3 d3 37. Nd4 e3 {[%cal Be4e3,Be3e2][%mdl 32]} 38. Rf3 Re8 39. Kg1 Re4 40. Ne6 Nxe6 41. dxe6 Rxb3 42. Rxb3 e2 {Precision: White = 36%, Black = 56%.} 0-1

[Event "WYCC 2018 O18"]
[Site "Halkidiki"]
[Date "2018.10.26"]
[Round "7"]
[White "Kandil, Adham"]
[Black "Vourlis-Koletis, Miltiadis"]
[Result "1-0"]
[WhiteElo "2292"]
[BlackElo "1839"]
[Annotator "NA"]
[PlyCount "37"]
[EventDate "2018.10.20"]
[EventType "swiss"]
[EventCountry "GRE"]
[SourceTitle "playchess.com"]
[Source "ChessBase"]
[SourceQuality "1"]
[TimeControl "40/5400+30:1800+30"]

1. e4 {[%emt 0:00:45]} Nf6 {[%emt 0:01:31]} 2. e5 {[%emt 0:00:23]} Nd5 {[%emt 0:00:06]} 3. c4 {[%emt 0:00:33]} Nb6 {[%emt 0:00:09]} 4. d4 {[%emt 0:00:13]} d6 {[%emt 0:00:06]} 5. f4 {[%emt 0:00:03]} dxe5 {[%emt 0:01:52]} 6. fxe5 {[%emt 0:00:10]} Nc6 {[%emt 0:01:03]} 7. Be3 {[%emt 0:00:51]} Bf5 {[%emt 0:01:34]} 8. Nc3 {[%emt 0:01:24]} f6 {[%emt 0:03:49]} 9. Nf3 {[%emt 0:05:42]} e6 {[%emt 0:04:37]} 10. exf6 {[%emt 0:01:18]} Qxf6 {[%emt 0:02:22]} 11. Bg5 {[%emt 0:11:38]} Qf7 {[%emt 0:03:02]} 12. d5 {[%emt 0:05:59]} Nb4 {[%emt 0:08:05]} 13. Ne5 {[%emt 0:00:09]} Nc2+ {[%emt 0:01:09]} 14. Kd2 {[%emt 0:00:11]} Qg8 {[%emt 0:00:53]} 15. g4 {[%emt 0:08:55]} h6 {[%emt 0:07:55]} 16. gxf5 {[%emt 0:00:24]} hxg5 {[%emt 0:00:06]} 17. Kxc2 {[%emt 0:00:05]} exd5 {[%emt 0:01:35]} 18. Ng6 {[%emt 0:00:52]} Rh6 {[%emt 0:02:10]} 19. Qe1+ {[%emt 0:00:20]} 1-0